Návrh a zhotovenie zariadenia pre výrobu FDM filamentu z PET fliaš

Saved in:
Bibliographic Details
Main Author: Macho, Jakub (Author)
Other Authors: Morovič, Ladislav (Thesis advisor)
Format: Manuscript Book
Language:Slovak
Published: 2025
Subjects:
Online Access:http://is.stuba.sk/zp/portal_zp.pl?podrobnosti=176974
Tags: Add Tag
No Tags, Be the first to tag this record!

MARC

LEADER 00000ntm a22000003a 4500
001 stuzp104022
003 SK-STU
005 20250628211111.0
007 ta
008 150427s2015----xo-----f-mn---000-0-slo-d
040 |a STU  |b slo 
041 0 |a slo 
100 1 |a Macho, Jakub  |u 063000  |4 aut  |U MTF Materiálovotechnologická fakulta  |T MTF Ústav výrobných technológií  |X 122023  |U M3000  |Y 83  |7 122023 
242 0 1 |a Design and manufacture of device for the production of FDM filament made of PET bottles  |y eng 
245 1 0 |a Návrh a zhotovenie zariadenia pre výrobu FDM filamentu z PET fliaš 
260 |c 2025 
650 4 |a recyklácia  |2 slo 
650 4 |a 3D tlač  |2 slo 
650 4 |a filament  |2 slo 
650 4 |a PET fľaše  |2 slo 
650 4 |a extrúzia  |2 slo 
650 4 |a recycling  |2 eng 
650 4 |a 3D printing  |2 eng 
650 4 |a filament  |2 eng 
650 4 |a extrusion  |2 eng 
650 4 |a PET bottles  |2 eng 
700 1 |a Morovič, Ladislav  |u 063200  |k Z1  |4 ths  |U MTF Ústav výrobných technológií  |T MTF Katedra obrábania a počítačovej podpory technológií  |X 38280  |U M3200  |Y 164  |7 A000038280 
856 4 |u http://is.stuba.sk/zp/portal_zp.pl?podrobnosti=176974 
996 |c M* BP-9977  |l MMSKP  |s P  |a 0  |w stuzp104022_0001